Malay cities - Sudden Death - Statistics

General Stats
  • This quiz has been taken 27 times
  • The average score is 8 of 10
Answers on the Grid
Answers color-coded by a green-red scale on the quiz's grid according to % correct below.
Kuala Lumpur
Ipoh
Malacca
George Town
Miri
Kuantan
Kuching
Sibu
Bintulu
Seremban
Surabaya
Denpasar
Battambang
Perth
Pattaya
Gaziantep
Almaty
Nyala
Kanpur
Varna
 
Answer Stats
Answer % Correct
Kuala Lumpur
100%
George Town
84%
Malacca
84%
Seremban
79%
Ipoh
74%
Kuantan
74%
Kuching
74%
Bintulu
63%
Miri
63%
Sibu
63%
No matching quizzes found
Score Distribution
Percent of People with Each Score
Percentile by Number Answered
Your Score History
You have not taken this quiz